| 000 | 00345nam a22001457a 4500 | ||
|---|---|---|---|
| 027 | _qPB. | ||
| 040 | _cFIZZA ISHAQ | ||
| 082 |
_a510.2412 _bKRE |
||
| 100 | _aKREYSZIG,ERWIN. | ||
| 245 |
_aADVANCED ENGINEERING MATHEMATICS / _cERWIN KREYSZIG. |
||
| 250 | _a10TH EDITION. | ||
| 260 |
_bWILEY, _c2011. |
||
| 300 | _a2011 P. ; | ||
| 942 |
_2ddc _cBK |
||
| 999 |
_c593360 _d593360 |
||